00696 a2200169 4500020001500000090001500015100001800030245013600048260003200184300002600216650004100242650002000283650002200303942002300325999001500348952016300363 a080504891X c6129d61291 aBolker, Joan.10aWriting your dissertation in fifteen minutes a day: a guide to starting, revising, and finishing your doctoral thesiscJoan Bolker. aNew York :bH. Holt,c1998. axix, 184 p. ;c21 cm. 0aDissertations, AcademicxAuthorship. 0aReport writing. 0aAcademic writing. cBKk808.066378 BOL c9962d9962 001040708NFICaCLbCLcGENd2002-12-27eProgressive International Agenciesg1032.70l2o808.066378 BOLpSEECS002876r2026-04-19s2025-09-12w2017-01-05yBK